000 00358 a2200169 4500
001 186240
020 _a85-16-10315-6
040 _cMagnum
100 _aBandeira, Pedro
240 1 0 _aGente de estimação
_lpor
245 1 0 _aGente de estimação
300 _a88
362 0 _a2016
440 1 _aModerna
697 _aLITERATURA JUVENIL
942 _cBK
999 _c186240
_d186240